| 000 | 00412cam a2200181ua 4500 | ||
|---|---|---|---|
| 001 | 21085 | ||
| 008 | 170322n II |||gr||||Z||||||eng | ||
| 040 | _aMAIN | ||
| 041 | _aEnglish | ||
| 082 | _a338.5 JHI | ||
| 100 | _aJHINGAN, M.L. | ||
| 245 | _aMICRO ECONOMIC THEORY | ||
| 250 | _aREP. | ||
| 260 |
_aDELHI _bVRINDA PUBLICATION _c2012. |
||
| 300 |
_a691: _c24CM. |
||
| 653 | _aMicro Economics | ||
| 942 | _cBK | ||
| 999 |
_c20945 _d20945 |
||